La frantumaglia : un viaje por la escritura /

Gespeichert in:
Bibliographische Detailangaben
1. Verfasser: Ferrante, Elena (autor)
Weitere Verfasser: Filipetto, Celia (traducción) (traducción)
Format: Buch
Sprache:Spanisch
Veröffentlicht: México : Lumen, 2018, c2018
Schriftenreihe:(Lumen Ensayo)
Schlagworte:
Tags: Tag hinzufügen
Keine Tags, Fügen Sie das erste Tag hinzu!

MARC

LEADER 00000nam^a2200000^a^4500
001 000409842
005 20260320000000.0
009 20260407173346.756
020 |a 978-607-316-180-0 
037 |a Acervo ITESO - Biblioteca 
041 |a ESP 
082 |a 854.  |b FER 
100 |a Ferrante, Elena  |e (autor) 
245 1 3 |a La frantumaglia :  |b un viaje por la escritura /  |c E. Ferrante ; tr. por C. Filipetto. 
264 4 |a México :  |b Lumen,  |c 2018, c2018 
300 |a 443 p. 
336 |a texto  |b txt  |2 rdacontenido 
337 |a sin mediación  |b n  |2 rdamedio 
338 |a volumen  |b nc  |2 rdasoporte 
440 1 |a (Lumen Ensayo) 
500 |a Traducción de: La frantumaglia 
521 |a FIL 2018 DIA 
585 |a Exposición DIA 2025-03 / El hilo rojo de la violencia 
649 |a XX 
650 |a Mujeres en la Literatura 
650 |a Cartas Italianas 
650 |a Novela Italiana -  |x Historia y Crítica 
650 |a Ensayos Italianos 
650 |a Literatura Italiana -  |y Siglo XX 
650 |a Literatura Italiana -  |y Siglo XXI 
650 |a Literatura de Mujeres -  |z Italia 
650 |a Relaciones Padres-Hijos en la Literatura 
650 |a Relaciones Familiares en la Literatura 
650 |a Deserción y Abandono en la Literatura 
700 |a Filipetto, Celia  |e (traducción) 
910 |a Fondo General 
920 |a Impresos - Libros 
930 |a Colección General 
940 |a Literatura 
905 |a 101 
901 |a 0500312049  |b IT1  |c LIT  |i C163086  |u 20250521 
902 |a https://opac.biblio.iteso.mx/vufind/Record/000409842